A shock to thought : (Record no. 353488)

000 -LEADER
fixed length control field 01736cam a2200409 a 4500
001 - CONTROL NUMBER
control field 12602893
003 - CONTROL NUMBER IDENTIFIER
control field OSt
005 - DATE AND TIME OF LATEST TRANSACTION
control field 20180116192409.0
008 - FIXED-LENGTH DATA ELEMENTS--GENERAL INFORMATION
fixed length control field 011129s2002 enka | b 001 0 eng
010 ## - LIBRARY OF CONGRESS CONTROL NUMBER
LC control number 2001058882
020 ## - INTERNATIONAL STANDARD BOOK NUMBER
International Standard Book Number 041523803X
020 ## - INTERNATIONAL STANDARD BOOK NUMBER
International Standard Book Number 0415238048 (pbk.)
040 ## - CATALOGING SOURCE
Original cataloging agency DLC
Transcribing agency DLC
Modifying agency DLC
050 00 - LIBRARY OF CONGRESS CALL NUMBER
Classification number PN45
Item number .S416 2002
082 00 - DEWEY DECIMAL CLASSIFICATION NUMBER
Classification number 801.93
Edition number 21
245 02 - TITLE STATEMENT
Title A shock to thought :
Remainder of title expressions after Deleuze and Guattari /
Statement of responsibility, etc. edited by Brian Massumi.
260 ## - PUBLICATION, DISTRIBUTION, ETC.
Place of publication, distribution, etc. London ;
-- New York :
Name of publisher, distributor, etc. Routledge,
Date of publication, distribution, etc. 2002.
300 ## - PHYSICAL DESCRIPTION
Extent xxxix, 256 p. :
Other physical details ill. ;
Dimensions 24 cm.
504 ## - BIBLIOGRAPHY, ETC. NOTE
Bibliography, etc. note Includes bibliographical references and index.
600 10 - SUBJECT ADDED ENTRY--PERSONAL NAME
Personal name Deleuze, Gilles,
Dates associated with a name 1925-1995
General subdivision Criticism and interpretation.
9 (RLIN) 5590
600 10 - SUBJECT ADDED ENTRY--PERSONAL NAME
Personal name Deleuze, Gilles,
Dates associated with a name 1925-1995
General subdivision Expression
9 (RLIN) 5614
600 10 - SUBJECT ADDED ENTRY--PERSONAL NAME
Personal name Guattari, Félix,
Dates associated with a name 1930-1992.
General subdivision Criticism and interpretation.
9 (RLIN) 5591
650 #0 - SUBJECT ADDED ENTRY--TOPICAL TERM
Topical term or geographic name entry element Literature
General subdivision Aesthetics.
9 (RLIN) 5592
650 #0 - SUBJECT ADDED ENTRY--TOPICAL TERM
Topical term or geographic name entry element Art
9 (RLIN) 5615
650 #0 - SUBJECT ADDED ENTRY--TOPICAL TERM
Topical term or geographic name entry element Aesthetics.
9 (RLIN) 5593
650 #0 - SUBJECT ADDED ENTRY--TOPICAL TERM
Topical term or geographic name entry element Expression
9 (RLIN) 5616
650 #0 - SUBJECT ADDED ENTRY--TOPICAL TERM
Topical term or geographic name entry element Empiricism in literature.
9 (RLIN) 5617
700 1# - ADDED ENTRY--PERSONAL NAME
Personal name Massumi, Brian.
9 (RLIN) 5594
856 41 - ELECTRONIC LOCATION AND ACCESS
Materials specified Table of contents only
Uniform Resource Identifier <a href="http://www.loc.gov/catdir/toc/fy0609/2001058882.html">http://www.loc.gov/catdir/toc/fy0609/2001058882.html</a>
856 42 - ELECTRONIC LOCATION AND ACCESS
Materials specified Publisher description
Uniform Resource Identifier <a href="http://www.loc.gov/catdir/enhancements/fy0650/2001058882-d.html">http://www.loc.gov/catdir/enhancements/fy0650/2001058882-d.html</a>
856 42 - ELECTRONIC LOCATION AND ACCESS
Materials specified Contributor biographical information
Uniform Resource Identifier <a href="http://www.loc.gov/catdir/enhancements/fy1102/2001058882-b.html">http://www.loc.gov/catdir/enhancements/fy1102/2001058882-b.html</a>
906 ## - LOCAL DATA ELEMENT F, LDF (RLIN)
a 7
b cbc
c orignew
d 1
e ocip
f 20
g y-gencatlg
942 ## - ADDED ENTRY ELEMENTS (KOHA)
Source of classification or shelving scheme
Koha item type Book
Holdings
Withdrawn status Lost status Source of classification or shelving scheme Damaged status Not for loan Permanent Location Current Location Date acquired Total Checkouts Total Renewals Full call number Barcode Date last seen Date last checked out Copy number Cost, replacement price Price effective from Koha item type
          School of Art Design and Architecture (SADA) School of Art Design and Architecture (SADA) 07/11/2012 8 4 801.93 SHO 2002 SADA0001686 05/27/2015 05/12/2015 01 2665.00 07/12/2012 Book
          School of Art Design and Architecture (SADA) School of Art Design and Architecture (SADA) 08/06/2012     801.93 SHO 2002 SADA0001758 01/05/2017   02 0.00 01/05/2017 Book
          School of Art Design and Architecture (SADA) School of Art Design and Architecture (SADA) 08/06/2012 1 1 801.93 SHO 2002 SADA0001759 03/27/2015 03/05/2015 03 0.00 08/08/2012 Book
© 2023 Central Library, National University of Sciences and Technology. All Rights Reserved.